[Event "Antioquia op"]
[Site "Antioquia"]
[Date "2020.03.07"]
[Round "7"]
[White "Gonzalez Ramirez, Nicolas"]
[Black "Gil Jaramillo, Miguel Angel"]
[Result "0-1"]
[WhiteElo "1359"]
[BlackElo "1158"]
[PlyCount "62"]
[EventDate "2020.03.03"]
[EventType "swiss"]
[EventRounds "9"]
[EventCountry "COL"]
[SourceTitle "CBM 195 Extra"]
[Source "ChessBase"]
[SourceDate "2020.05.31"]
[SourceVersion "1"]
[SourceVersionDate "2020.05.31"]
[SourceQuality "1"]

1. e4 e5 2. Nf3 Nc6 3. d4 exd4 4. Bc4 Bc5 5. c3 dxc3 6. Bxf7+ Kxf7 7. Qd5+ Ke8 8. Qxc5 cxb2 9. Bxb2 d6 10. Qc4 Nf6 11. 0-0 Qe7 12. Nc3 Be6 13. Nd5 Kd8 14. Nxe7 Bxc4 15. Nxc6+ bxc6 16. Rfc1 Bb5 17. e5 Ne8 18. a4 Be2 19. Nd4 Bh5 20. Nxc6+ Kd7 21. Ra3 Bd1 22. e6+ Kxe6 23. Rxd1 Kd7 24. Ne5+ Ke6 25. Nf3 c5 26. Ng5+ Kd7 27. Rf3 Rb8 28. Bc3 h6 29. Rf7+ Kd8 30. Ne6+ Kc8 31. Rxd6 Rb1+ 0-1